000 00951nam a22003017a 4500
003 CHAP
005 20220329140439.0
008 971013s1982 r 00010 d
010 _a52105
011 _a53077
035 _a57227
040 _cCHAP
082 _a338.16
_bW5Y
100 0 0 _aWionczek, Miguel S.
_9122320
245 _aEnergy in the transition from rural subsistence
260 _aBoulder, Colo. :
_bWestview,
_c1982
300 _a208 p.
590 _aBATCH-UPD
_b10
_c20130110
_lUCH01
_h1017
590 _aBATCH-UPD
_b10
_c20130410
_lUCH01
_h0623
590 _aBATCH-UPD
_b10
_c20130913
_lUCH01
_h2121
590 _aCONVERSION
_b10
_c20130109
_lUCH01
_h1328
650 1 4 _aAgricultura de subsistencia.
_91998
650 1 4 _aAgricultura
_xPaíses subdesarrollados.
_91760
650 1 4 _aEnergía y agricultura.
_936915
901 _aBK
942 _cLIBRO
949 _a338.16 W5Y
_bBC
_cLIBRO
_d33724000155859
_eLIBRO
_gI.135650
_h70752
_i57227
_si
999 _c52105
_d52105